LEADER 00974nam a2200253 i 4500 001 991000391789707536 005 20020503175943.0 008 990329s1989 it ita 020 $a8815024239 035 $ab1007076x-39ule_inst 035 $aLE02515182$9ExL 040 $aFac. Economia$bita 082 0 $a338.13 100 1 $aSalvini, Ezio$075471 245 10$aAnalisi finanziaria e dinamica dell'impresa agraria :$buno studio metodologico ed una ricerca esplorativa /$cEzio Salvini 260 $aBologna :$bil Mulino,$c[1989] 300 $a113 p. ;$c22 cm. 650 4$aAziende agrarie$xBilancio 907 $a.b1007076x$b24-09-18$c27-06-02 912 $a991000391789707536 945 $aLE025 ECO 338.1 SAL01.01$g1$i2025000057623$lle025$nCatalogato 2018$o-$pE0.00$q-$rl$s- $t0$u3$v14$w3$x0$y.i10079762$z27-06-02 996 $aAnalisi finanziaria e dinamica dell'impresa agraria$962895 997 $aUNISALENTO 998 $ale025$b01-01-99$cm$da $e-$fita$git $h0$i1 LEADER 01732nam 2200421I 450 001 9910705158803321 005 20141204140125.0 035 $a(CKB)5470000002447768 035 $a(OCoLC)875565952 035 $a(OCoLC)995470000002447768 035 $a(EXLCZ)995470000002447768 100 $a20140403d2013 ma 0 101 0 $aeng 135 $aurmn||||||||| 181 $2rdacontent 182 $2rdamedia 183 $2rdacarrier 200 10$aBuilding and calibration of a FAST model of the SWAY prototype floating wind turbine $epreprint /$fJ.H. Koh [and four others] 210 1$a[Golden, Colo.] :$cNational Renewable Energy Laboratory,$d2013. 215 $a1 online resource (7 pages.) $ccolor illustrations 225 1 $aNREL/CP ;$v5000-60096 300 $aTitle from title screen (viewed on Apr. 3, 2014). 300 $a"September 2013." 300 $a"To be presented at the International Conference on Renewable Energy Research and Applications (ICERA). Madrid, Spain, October 20-23, 2013." 320 $aIncludes bibliographical references (page 7). 517 $aBuilding and calibration of a FAST model of the SWAY prototype floating wind turbine 606 $aOffshore wind power plants$xComputer simulation 606 $aWind power plants$xComputer simulation 615 0$aOffshore wind power plants$xComputer simulation. 615 0$aWind power plants$xComputer simulation. 700 $aKoh$b J. H.$01414180 712 02$aNational Renewable Energy Laboratory (U.S.), 801 0$bGPO 801 1$bGPO 906 $aBOOK 912 $a9910705158803321 996 $aBuilding and calibration of a FAST model of the SWAY prototype floating wind turbine$93512614 997 $aUNINA LEADER 01751oam 2200517M 450 001 9910716489903321 005 20200213070922.5 035 $a(CKB)5470000002521243 035 $a(OCoLC)1065608339 035 $a(OCoLC)995470000002521243 035 $a(EXLCZ)995470000002521243 100 $a20071213d1927 ua 0 101 0 $aeng 135 $aurcn||||||||| 181 $ctxt$2rdacontent 182 $cc$2rdamedia 183 $acr$2rdacarrier 200 10$aAuthorization of appropriation for Virgin Islands highways. January 24, 1927. -- Ordered to be printed 210 1$a[Washington, D.C.] :$c[U.S. Government Printing Office],$d1927. 215 $a1 online resource (2 pages) 225 1 $aSenate report / 69th Congress, 2nd session. Senate ;$vno. 1315 225 1 $a[United States congressional serial set] ;$v[serial no. 8685] 300 $aBatch processed record: Metadata reviewed, not verified. Some fields updated by batch processes. 300 $aFDLP item number not assigned. 606 $aAgriculture 606 $aRoads$xDesign and construction 606 $aRoads 606 $aTourism 606 $aTourists 606 $aUnemployment 608 $aLegislative materials.$2lcgft 615 0$aAgriculture. 615 0$aRoads$xDesign and construction. 615 0$aRoads. 615 0$aTourism. 615 0$aTourists. 615 0$aUnemployment. 701 $aBingham$b Hiram$f1875-1956$pRepublican (CT)$0463205 801 0$bWYU 801 1$bWYU 801 2$bOCLCO 801 2$bOCLCQ 906 $aBOOK 912 $a9910716489903321 996 $aAuthorization of appropriation for Virgin Islands highways. January 24, 1927. -- Ordered to be printed$93546698 997 $aUNINA LEADER 01278nas 22004093- 450 001 9910679346603321 005 20260106110453.0 035 $a(CKB)110978966555860 035 $a(CONSER)sn-79003996- 035 $ahttps://learn360.infobase.com/titles/211117?aid= 035 $a(EXLCZ)99110978966555860 100 $a20770623a19uu9999 --- a 101 0 $aeng 181 $ctxt$2rdacontent 200 00$aBus ride 210 $a[Phoenix, AZ]$c[Power Trade Media] 215 $a1 online resource 300 $aImprint varies: Spokane, Wash., Bus Ride Pub. Co., ; Spokane, Wash., Friendship Publications, Inc., 311 08$aPrint version: Bus ride. 0192-8902 (DLC)sn 79003996 (OCoLC)3064294 517 3 $aBusride 531 0 $aBus ride 606 $aBuses$vPeriodicals 606 $aBus industry$vPeriodicals 606 $aBus industry$2fast$3(OCoLC)fst00842025 606 $aBuses$2fast$3(OCoLC)fst00842142 608 $aPeriodicals.$2fast 608 $aPeriodicals.$2lcgft 615 0$aBuses 615 0$aBus industry 615 7$aBus industry. 615 7$aBuses. 676 $a388 906 $aJOURNAL 912 $a9910679346603321 920 $aexl_impl conversion 996 $aBus ride$93076803 997 $aUNINA